| 000 | 00693nam a22002890a 4500 | ||
|---|---|---|---|
| 001 | PT35610 | ||
| 003 | AR-LpoUNG | ||
| 005 | 20210131230319.0 | ||
| 008 | 191001s1960||||ag |||||||||||||||||spa d | ||
| 040 |
_aAR-LpoUNG _bspa _cAR-LpoUNG _eaacr |
||
| 041 | _aspa | ||
| 044 | _aag | ||
| 082 | 0 | _a982 349mat | |
| 100 | 1 | _aPeña, David | |
| 245 | 1 | 3 | _aLa materia religiosa en la política Argentina |
| 250 | _a1ra. ed. | ||
| 260 |
_aBuenos Aires : _bBases, _c1960. |
||
| 300 |
_a351 p. : _bil. |
||
| 650 | 4 | _aANALISIS HISTORICO | |
| 650 | 4 | _aARGENTINA | |
| 650 | 4 | _aHISTORIA | |
| 650 | 4 | _aPOLITICA | |
| 650 | 4 | _aRELIGION | |
| 651 | 4 | _aArgentina | |
| 905 | _a35610 | ||
| 942 | _cLSALA | ||
| 999 |
_c2766 _d2766 |
||